Are You Smarter Than a College Student? XXV Quiz Stats

Quiz Updated Jun 10, 2016

Challenge
Share
Tweet
Embed
Score 0/30 Timer 07:00
1 Play Today
Hint Answer % Correct
Easybikini
96.3%
EasyMississippi
95.9%
EasyTwilight
92.4%
EasyISIS
86.3%
Easykiwi
83.1%
Easyinning
81.9%
EasyHindi
75.5%
Easygingivitis
74.6%
Easychili
72.5%
EasyTigris
59.8%
MediumMifflin
57.2%
Mediumminiskirt
53.1%
Mediumwindmill
51.3%
MediumRingling
41.2%
Mediumlipid
40.4%
Hint Answer % Correct
Mediumcivil rights
35.6%
MediumHingis
35.3%
MediumLilith
32.2%
MediumVirgil
31.5%
MediumMCDXLVIII
29.7%
HardFighting Illini
26.9%
Hardricin
24.2%
HardNightwing
24%
HardTbilisi
22.5%
HardFinnick
17.6%
HardMimì
16.7%
Hardbrillig
14.6%
HardI Ching
11.9%
HardPippin
10.3%
Hardschilling
9.4%

You're not logged in!

Compare scores with friends on all Sporcle quizzes.
Join for Free
OR
Log In

Show Comments

Extras

Top Quizzes Today


Score Distribution

Your Account Isn't Verified!

In order to create a playlist on Sporcle, you need to verify the email address you used during registration. Go to your Sporcle Settings to finish the process.

Report this User

Report this user for behavior that violates our Community Guidelines.

Details: